| 000 | 01189akm a2200361 4500 | ||
|---|---|---|---|
| 008 | 101118s2010 cat d | ||
| 017 | _aPM-82-2010 | ||
| 041 | _acat | ||
| 041 | _beng | ||
| 041 | _bspa | ||
| 080 | _a611.018(038) | ||
| 110 |
_aUniversitat de les Illes Balears. Gabinet de Terminologia _962075 |
||
| 245 |
_aEstudis de Biologia: Citologia i histologia (histologia vegetal) _h[tríptic] _cUniversitat de les Illes Balears. Servei Lingüístic. Gabinet de Terminologia |
||
| 260 |
_a[Palma] _bUniversitat de les Illes Balears. Servei Lingüístic _c2010 |
||
| 300 | _a1 tríptic. | ||
| 490 | _aTerminologies Universitàries | ||
| 500 | _aCategoria gramatical | ||
| 500 | _aÍndexs | ||
| 520 | _a68 | ||
| 591 | _aUIB-HISTVEG | ||
| 592 | _aObra terminològica | ||
| 593 | _aDC | ||
| 594 | _a10290 | ||
| 650 |
_ahistologia _963618 |
||
| 830 |
_aTerminologies Universitàries _972755 |
||
| 856 | _uhttps://cit.iec.cat/CIHHV/default.asp?opcio=2 | ||
| 901 | _cDL <2010> | ||
| 902 | _a101118 | ||
| 942 |
_cMO _n0 _2ddc |
||
| 999 |
_c65632 _d65632 |
||